| 000 | 01507nam2a22002411 4500 | ||
|---|---|---|---|
| 001 | rc\1004655 | ||
| 005 | 20250621233759.0 | ||
| 035 | _a(NLR Aleph) 005979252 | ||
| 090 |
_a7011125 _c7011125 |
||
| 100 | _a20070321d1981 |||y0rusy50 ca | ||
| 101 | 0 | _arus | |
| 102 | _aRU | ||
| 105 | _aa ||||||||| | ||
| 200 | 1 |
_aСватовство по-деревенски _aНа мели _aШестеро из Кале _aПростачок с Нежданных островов _aМиллионерша _aНовое окончание "Цимбелина" _aЖенева _aВ золотые дни доброго короля Карла _aМиллиарды Байанта _aПритчи о далеком будущем _aШекс против Шо _aПочему она не пожелала _f[Послесл. А.Г. Образцовой и др. _gПримеч. Г.М. Шейнмана] |
|
| 210 |
_d1981 _aБ. м. |
||
| 215 |
_a670 с. _cпортр. |
||
| 461 | 0 |
_1001rc\1189572 _12001#$aПолное собрание пьес$eВ 6 т.$fБернард Шоу$g[Пер. с англ.] под общ. ред. А.А. Аникста и др.$vТ. 6 _1700#1$aШоу$bБ.$f1856-1950$gБернард$3RU\NLR\AUTH\772432 _96963395 _aШоу, Б. (1856-1950) _cЛ. _d1980 _fБернард Шоу _nИскусство. Ленингр. отд-ние _oВ 6 т. _tПолное собрание пьес _vТ. 6 |
|
| 801 | 0 |
_aRU _bNLR _gpsbo |
|
| 801 | 1 |
_aRU _bELAR _2rusmarc |
|
| 852 |
_aNLR _j78-3/9078 |
||
| 942 | _cBOOK | ||
| 980 | _aNB | ||